00454nam a22001577a 450000500170000000800410001702000090005804100130006708200140008010000220009424500620011625000190017826000450019730000290024265000250027120231026082819.0231026b |||||||| |||| 00| 0 eng d a  aEnglish  a346.7 WIL aWille, GlEnglish aThe Law of Mortgage and Pledge in South Africa /cG Wille aSecond Edition aCape town : bJuta & Company Ltd, c1961 bxx, 223 pages ; c26 cm. aLegal practice bLaw